Things that start with A - Statistics

General Stats
  • This quiz has been taken 27 times
  • The average score is 6 of 6
Answer Stats
Picture Answer % Correct
Angel
100%
Apple
100%
Arrow
100%
Airplane
96%
Ambulance
96%
Avocado
92%
No matching quizzes found
Score Distribution
Percent of People with Each Score
Percentile by Number Answered
Your Score History
You have not taken this quiz